000 00328 a2200109 4500
001 ART_12552
005 20260410161907.0
008 260409a
245 1 0 _aEuropean Integration and Terms of Trade
100 1 _aPetith, Howard C.
773 0 _tThe Economic Journal
_g- Vol. 87, NÂș 346 (jun. 1977)
_wREV12512
999 _c26447
_d26447